004790000a22001210004500090001400000100003400014245003700048041001300085942001300098773004500111999001700156952018400173 aARb047231 aSilberglied, Robert E.99879910aCommunication in the ultraviolet0 aInglés cARTICULO1 tAnn. Rev. Ecol. Syst.q373-398d1979g10 c13823d13823 001040718HEMEROTECAaBogotabBogotad2010-04-29eEscobar Sarria, FedericohFuera de circulaciónl0oAR 04723p028083r2015-03-25 00:00:00t1w2015-03-25xDonaciónyARTICULO